[Event "AUTO-INT-3676"]
[Site "http://www.queenalice.com/game.php?id=1761183"]
[Date "2021.6.2"]
[Round "1"]
[White "Doctor"]
[Black "CAMISA10"]
[Result "0-1"]
[WhiteElo "1548"]
[BlackElo "1507"]

1. e4 d5 2. exd5 Qxd5 3. Nc3 Qd4 4. Nf3 Qd6 5. Bc4 Qg6 6. Rg1 Bh3 7. Nh4 Qg5 8.
g3 Bg4 9. f3 Bh5 10. Ne4 Qe5 11. d4 Qa5+ 12. c3 Nc6 13. Nc5 Rd8 0-1

[Event "AUTO-INT-3676"]
[Site "http://www.queenalice.com/game.php?id=1761184"]
[Date "2021.6.2"]
[Round "1"]
[White "CAMISA10"]
[Black "Doctor"]
[Result "1-0"]
[WhiteElo "1488"]
[BlackElo "1567"]

1. e4 e6 2. h3 d5 3. e5 Nc6 4. d4 Bd7 5. Be2 Be7 6. Nf3 f6 7. a3 fxe5 8. dxe5
Nh6 9. Bxh6 gxh6 10. O-O Rg8 11. Bd3 a6 12. Bxh7 Rg7 13. Bd3 Bg5 14. h4 1-0

[Event "AUTO-INT-3676"]
[Site "http://www.queenalice.com/game.php?id=1761201"]
[Date "2021.6.2"]
[Round "1"]
[White "CAMISA10"]
[Black "SamuraiJOM"]
[Result "0-1"]
[WhiteElo "1553"]
[BlackElo "1579"]

1. e4 e5 2. Qh5 Nf6 3. Qxe5+ Be7 4. d4 Nc6 5. Qg5 Nxe4 6. Qxg7 Rf8 7. Qxh7 d5 8.
Bh6 Nf6 9. Qd3 Rh8 10. Bg7 Rh4 11. g3 Rxd4 12. Qc3 Bf5 13. Na3 Bb4 14. Qxb4 Nxb4
15. c3 Re4+ 16. Be2 Nd3+ 17. Kd2 Nxf2 18. Nf3 Nxh1 19. Rxh1 Nh5 20. Ng5 Qxg5+
0-1

[Event "AUTO-INT-3676"]
[Site "http://www.queenalice.com/game.php?id=1761202"]
[Date "2021.6.2"]
[Round "1"]
[White "SamuraiJOM"]
[Black "CAMISA10"]
[Result "1-0"]
[WhiteElo "1648"]
[BlackElo "1555"]

1. e4 e5 2. Nf3 d6 3. Nc3 Nf6 4. Bc4 c6 5. a4 Bg4 6. h3 Bxf3 7. Qxf3 g6 8. g4 d5
9. exd5 Bb4 10. dxc6 Nxc6 11. O-O O-O 12. d3 Nd4 13. Qg2 Bxc3 14. bxc3 Ne2+ 15.
Kh2 e4 16. Ba3 Nxc3 17. Bxf8 Qxf8 18. a5 a6 19. f3 Re8 20. Qd2 exf3 21. Qxc3
Re2+ 22. Kh1 Qh6 23. Rxf3 Nxg4 24. Bxf7+ Kf8 25. Be6+ Nf6 26. Rxf6+ Ke7 27. Raf1
Rxe6 28. Qc7+ Ke8 29. Qc8+ Ke7 30. Qxb7+ Kd6 31. Qxa6+ Ke5 32. Qxe6+ Kd4 33.
Qd7+ Kc3 34. Rc6+ Kd2 35. Qe6 Qh4 36. Rc4 Qg3 37. Qg4 Qe3 38. Qd1# 1-0

[Event "AUTO-INT-3676"]
[Site "http://www.queenalice.com/game.php?id=1761203"]
[Date "2021.6.2"]
[Round "1"]
[White "CAMISA10"]
[Black "DAlessandro"]
[Result "0-1"]
[WhiteElo "1494"]
[BlackElo "1742"]

1. e4 c5 2. Bc4 e6 3. h3 d6 4. Qh5 Nf6 5. Qf3 Be7 6. d3 a6 7. Ne2 O-O 8. d4 cxd4
9. e5 dxe5 10. O-O Qb6 11. Bg5 Qxb2 12. Nd2 Qxc2 13. Rfc1 Qa4 14. Qg3 Kh8 15.
Qxe5 b5 16. Bb3 Qa5 17. Qxd4 Rd8 18. Rxc8 Rxc8 19. Ne4 Nc6 20. Bxf6 Nxd4 21.
Bxd4 Qb4 22. Bc3 Qxe4 23. Ng3 Qg6 24. Rc1 Qd3 25. Nf1 Rxc3 26. Rxc3 Qxc3 0-1

[Event "AUTO-INT-3676"]
[Site "http://www.queenalice.com/game.php?id=1761204"]
[Date "2021.6.2"]
[Round "1"]
[White "DAlessandro"]
[Black "CAMISA10"]
[Result "1-0"]
[WhiteElo "1840"]
[BlackElo "1450"]

1. c4 e5 2. Nc3 h6 3. d3 Nc6 4. Nf3 d6 5. e3 Bg4 6. Be2 Nf6 7. O-O g5 8. h3 Bf5
9. e4 Bg6 10. a3 a6 11. Be3 g4 12. hxg4 Nxg4 13. Qd2 Qf6 14. Nh2 Nxh2 15. Kxh2
Qh4+ 16. Kg1 O-O-O 17. f4 h5 18. fxe5 Nxe5 19. Bg5 Qg3 20. Qf4 h4 21. Qxg3 hxg3
22. d4 Nc6 23. Bxd8 Kxd8 24. d5 Nd4 25. Bg4 Rh2 26. Bh3 Bxe4 27. Rae1 Bd3 28.
Rf4 f5 29. Rxd4 Bc2 30. Re3 Bg7 31. Rh4 Bf6 32. Rh5 Bd4 33. Rh8+ Bxh8 34. Rxg3
Rxh3 35. gxh3 Bd4+ 36. Kf1 b6 37. h4 1-0

[Event "AUTO-OPEN-4290"]
[Site "http://www.queenalice.com/game.php?id=1763885"]
[Date "2021.7.7"]
[Round "1"]
[White "MMA34"]
[Black "CAMISA10"]
[Result "1-0"]
[WhiteElo "1734"]
[BlackElo "1485"]

1. d4 e6 2. c4 d6 3. Nf3 a6 4. e4 h6 5. Nc3 Nc6 6. Be2 g6 7. O-O Bg7 8. Re1 b5
9. cxb5 axb5 10. Nxb5 Nf6 11. Nc3 Ng4 12. h3 Nf6 13. Be3 1-0

[Event "AUTO-OPEN-4290"]
[Site "http://www.queenalice.com/game.php?id=1763886"]
[Date "2021.7.7"]
[Round "1"]
[White "CAMISA10"]
[Black "MMA34"]
[Result "0-1"]
[WhiteElo "1492"]
[BlackElo "1727"]

1. e4 c5 2. Qh5 Nf6 3. Qxc5 d6 4. Qb5+ Nc6 5. Bc4 a6 6. Qb3 e6 7. c3 b5 8. Bd3
Be7 9. Be2 Bb7 10. Bd3 Rc8 11. Nf3 Na5 12. Bxb5+ axb5 0-1

[Event "AUTO-OPEN-4290"]
[Site "http://www.queenalice.com/game.php?id=1763911"]
[Date "2021.7.7"]
[Round "1"]
[White "CAMISA10"]
[Black "Castling"]
[Result "0-1"]
[WhiteElo "1527"]
[BlackElo "1653"]

1. e4 e5 2. Qh5 Nf6 3. Qxe5+ Be7 4. Qg5 Nxe4 5. Qxg7 Bf6 6. Qg4 d5 7. Qh5 Bf5 8.
Qxf5 Nd7 9. Qxd5 Qe7 10. Ne2 O-O-O 11. Qa5 Kb8 0-1

[Event "AUTO-OPEN-4290"]
[Site "http://www.queenalice.com/game.php?id=1763912"]
[Date "2021.7.7"]
[Round "1"]
[White "Castling"]
[Black "CAMISA10"]
[Result "1-0"]
[WhiteElo "1664"]
[BlackElo "1516"]

1. e4 e5 2. Nf3 d6 3. h3 c5 4. Bb5+ Bd7 5. Bxd7+ Qxd7 6. Nc3 h6 7. d3 Nc6 8. a3
Nf6 9. Be3 Be7 10. Qd2 g5 11. Nd5 O-O 12. Nxe7+ Nxe7 13. O-O-O 1-0

[Event "AUTO-OPEN-4290"]
[Site "http://www.queenalice.com/game.php?id=1763913"]
[Date "2021.7.7"]
[Round "1"]
[White "CAMISA10"]
[Black "mitsho"]
[Result "0-1"]
[WhiteElo "1429"]
[BlackElo "1733"]

1. e4 c5 2. d4 Nc6 3. dxc5 e6 4. c3 Bxc5 5. Nh3 Nf6 6. Bg5 d5 7. Bxf6 Qxf6 8.
Qg4 e5 9. Qd1 Bxh3 10. f3 Bd7 0-1

[Event "AUTO-INT-3685"]
[Site "http://www.queenalice.com/game.php?id=1764184"]
[Date "2021.7.11"]
[Round "1"]
[White "jenyasm"]
[Black "CAMISA10"]
[Result "1-0"]
[WhiteElo "1559"]
[BlackElo "1479"]

1. e4 e5 2. Nf3 d6 3. Bc4 d5 4. Bxd5 c6 5. Bb3 b5 6. d3 f5 7. Ng5 h6 8. Nf7 Qh4
9. Nxh8 a5 10. Bxg8 Bc5 11. O-O fxe4 12. Bh7 e3 13. Bxe3 Bxe3 14. fxe3 Bg4 15.
Qe1 Qg5 16. Nf7 1-0

[Event "AUTO-INT-3685"]
[Site "http://www.queenalice.com/game.php?id=1764185"]
[Date "2021.7.11"]
[Round "1"]
[White "CAMISA10"]
[Black "jenyasm"]
[Result "0-1"]
[WhiteElo "1466"]
[BlackElo "1572"]

1. e4 e5 2. Qh5 d6 3. Bc4 Nh6 4. h3 g6 5. Qf3 Bg7 6. d4 exd4 7. Bxh6 O-O 8. Bd2
d3 9. Qxd3 Bxb2 10. Nc3 Bxa1 11. Nd5 Bg7 12. Nf3 c6 13. Ne3 b5 14. Bb3 Be6 15.
Bxe6 fxe6 0-1

[Event "AUTO-INT-3685"]
[Site "http://www.queenalice.com/game.php?id=1764204"]
[Date "2021.7.11"]
[Round "1"]
[White "CAMISA10"]
[Black "profeta"]
[Result "0-1"]
[WhiteElo "1529"]
[BlackElo "1525"]

1. e4 d5 2. e5 f6 3. d4 f5 4. Qf3 e6 5. Nh3 Nc6 6. Ng5 Nxd4 7. Qc3 Bb4 8. Nxe6
Bxc3+ 9. Kd1 Bxe6 10. bxc3 Nc6 11. Bb5 a6 0-1

[Event "AUTO-INT-3685"]
[Site "http://www.queenalice.com/game.php?id=1764205"]
[Date "2021.7.11"]
[Round "1"]
[White "profeta"]
[Black "CAMISA10"]
[Result "1-0"]
[WhiteElo "1545"]
[BlackElo "1506"]

1. d4 e6 2. e4 Qh4 3. Nc3 Bb4 4. Qe2 Qe7 5. Nf3 Bxc3+ 6. bxc3 d5 7. exd5 Qd6 8.
dxe6 Bxe6 9. Qb5+ Nc6 10. Ne5 Bd7 11. Nxd7 Qxd7 12. Qxb7 1-0